Flags by Colors - Groups - Statistics

General Stats
  • This quiz has been taken 130 times
  • The average score is 33 of 68
Answer Stats
Answer % Correct
Poland
91%
Indonesia
85%
Monaco
84%
United States
76%
France
75%
United Kingdom
71%
Russia
70%
Japan
65%
Austria
63%
Czech Republic
59%
Iran
59%
United ArabEmirates
59%
Australia
58%
Kuwait
57%
Netherlands
57%
Canada
56%
Jordan
56%
Mali
56%
Guinea
55%
New Zealand
55%
Peru
55%
Benin
54%
Iraq
54%
Latvia
54%
Italy
53%
Slovakia
53%
Syria
53%
Oman
52%
Sudan
52%
Madagascar
51%
Senegal
51%
Singapore
49%
Turkey
49%
Bahrain
48%
Tunisia
48%
Switzerland
47%
Norway
46%
Thailand
46%
Denmark
45%
Luxembourg
45%
Panama
45%
Qatar
45%
Bulgaria
44%
Cameroon
44%
Cuba
44%
Tonga
44%
Iceland
43%
Liberia
43%
Hungary
42%
Chile
38%
Algeria
36%
Lebanon
36%
Nepal
36%
Republic ofthe Congo
36%
Laos
35%
North Korea
35%
Libya
33%
Samoa
33%
Belarus
30%
Burkina Faso
30%
Kenya
30%
Lithuania
30%
Mauritania
30%
Taiwan
30%
Georgia
29%
Burundi
26%
Maldives
23%
Grenada
19%
No matching quizzes found
Score Distribution
Percent of People with Each Score
Percentile by Number Answered
Your Score History
You have not taken this quiz